Ansprachen zur verabschiedung des präsidenten des Bundesgerichtshofes dr. h.c. Hermann Weinkauff und zur amtseinführung des präsidenten des Bundesgerichtshofes dr. Bruno Heusinger am 31. märz 1960.

Disimpan dalam:
Butiran Bibliografi
Pengarang Korporat: Germany (West). Bundesgerichtshof.
Format: Buku
Bahasa:German
Diterbitkan: Karlsruhe, C.F. Müller, 1960.
Subjek-subjek:
Penanda-penanda: Tambah Penanda
Tiada Penanda, Jadilah orang pertama menanda rekod ini!
LEADER 00686nam a2200181K 4500
001 005299520-8
005 20020606095253.2
008 950214s1960 gw 000 0 ger d
035 0 |a ocn961380046 
040 |a HVL  |c HVL 
245 0 0 |a Ansprachen zur verabschiedung des präsidenten des Bundesgerichtshofes dr. h.c. Hermann Weinkauff und zur amtseinführung des präsidenten des Bundesgerichtshofes dr. Bruno Heusinger am 31. märz 1960. 
260 |a Karlsruhe,  |b C.F. Müller,  |c 1960. 
300 |a 2 p. l., 7-60 p.  |c 23 cm. 
600 1 0 |a Weinkauff, Hermann Karl August,  |d 1894- 
600 1 0 |a Heusinger, Bruno,  |d 1900- 
710 1 |a Germany (West).  |b Bundesgerichtshof. 
988 |a 20020608 
906 |0 MH